Election spending

Bibliographic Details
Other Authors: Dziedzic, Nancy
Format: Book
Published: Detroit : Gale Cengage Learning , 2012
Series:Opposing viewpoints
Subjects:

MARC

LEADER 00000cam a2200000 7i4500
001 0000166380
005 20121002.0
020 |a 0737754346 
020 |a 9780737754346 
090 0 0 |a 324.780973   |b OPP 
245 0 0 |a Election spending   |c Nancy Dziedzic, book editor 
260 |a Detroit :   |b Gale Cengage Learning ,   |c 2012 
300 |a 225p. ;   |c 24cm. 
490 0 |a Opposing viewpoints 
650 0 0 |a Campaign funds   |z United States 
700 1 |a Dziedzic, Nancy 
999 |a 00266020   |b BUKU   |c PINJAMAN   |e PERPUSTAKAAN KOMUNITI PETALING JAYA